000 00818nam a22002657a 4500
001 BR8108464
003 BR-BrBNA
005 20230928091156.0
007 ta
008 230509b bl.||||| |||| 00| 0 por d
040 _aBR-BrBNA
_bpor
_cBiblioteca Nacional de Agricultura
041 _a(Por)
072 _aE30; F10
_b/G514
090 _ E30 BR8108464
110 1 _aComissao Estadual de Planejamento Agricola, Fortaleza, CE (Brasil)
_92048
245 1 _aProposta para um programa permanente de combate preventivo aos efeitos das secas [Zona semi-arida, nordeste, Brasil]
260 3 _aFortaleza, CE (Brasil):
_c1981.
300 _a41 p.
650 _aSECA
650 _aCALAMIDADE PUBLICA
650 _aZONA SEMI-ARIDA
650 _aREGIAO NORDESTE
909 _a202309
_bLucia
_c55
_dLucia Elande
942 _cBK
999 _c32645
_d32645